| 000 | 00540nam a2200205 a 4500 | ||
|---|---|---|---|
| 001 | 4819 | ||
| 003 | CO-ViMGA | ||
| 008 | 141112s2004 ck r 000 u spa d | ||
| 040 |
_aCO-ViMGA _bspa _cCO-ViMGA |
||
| 082 | 0 | 4 | _a636.2 G355 |
| 100 | 1 |
_aGallego Marin, Manuel Isaac _92989 |
|
| 245 | 1 | 0 | _aManejo del problema reproductivo en ganado de leche |
| 250 | _a3a | ||
| 260 |
_aSantafé de Bogotá : _bICA, _c1994 |
||
| 300 | _a160 p | ||
| 650 | 1 | 4 |
_aGANADO LECHERO _951864 |
| 650 | 1 | 4 | _aGANADO VACUNO |
| 650 | 1 | 4 | _aLACTEOS |
| 942 |
_2ddc _cBK |
||
| 999 |
_c16826 _d16826 |
||